Statistics for Most populous cities in Europe

Click here to take the quiz!

General Stats

  • This quiz has been taken 21 times
  • The average score is 60 of 100

Answer Stats

PopulationAnswer% Correct
3.77 millionBerlin, Germany
100%
8.96 millionLondon, UK
100%
2.25 millionParis, France
100%
2.64 millionRome, Italy
100%
965,600Stockholm, Sweden
100%
1.73 millionVienna, Austria
100%
664,000Athens, Greece
94%
1.07 millionBirmingham, UK
94%
1.88 millionBucharest, Romania
94%
1.67 millionBudapest, Hungary
94%
607,800Lisbon, Portugal
94%
3.23 millionMadrid, Spain
94%
754,100Manchester, UK
94%
1.4 millionMilan, Italy
94%
1.54 millionMunich, Germany
94%
1.66 millionWarsaw, Poland
94%
820,700Amsterdam, Netherlands
89%
1.21 millionBrussels, Belgium
89%
530,300Leeds, UK
89%
1.6 millionBarcelona, Spain
83%
1.02 millionCologne, Germany
83%
586,100Dublin, Rep of Ireland
83%
639,900Glasgow, UK
83%
1.71 millionHamburg, Germany
83%
657,900Helsinki, Finland
83%
756,500Krakow, Poland
83%
967,100Naples, Italy
83%
1.33 millionPrague, Czech Rep
83%
873,000Turin, Italy
83%
493,600Edinburgh, UK
78%
488,700Lyon, France
78%
303,000Porto, Portugal
78%
691,300Riga, Latvia
78%
1.26 millionSofia, Bulgaria
78%
756,900Valencia, Spain
78%
803,000Zagreb, Croatia
78%
344,700Belgrade, Serbia
72%
617,000Copenhagen, Denmark
72%
641,600Dusseldorf, Germany
72%
710,900Frankfurt, Germany
72%
483,700Liverpool, UK
72%
644,200Rotterdam, Netherlands
72%
542,800The Hague, Netherlands
72%
521,600Antwerp, Belgium
67%
424,200Bratislava, Slovakia
67%
388,200Florence, Italy
61%
273,600Ljubljana, Slovenia
61%
610,000Malaga, Spain
61%
643,600Stuttgart, Germany
61%
603,000Bremen, Germany
56%
589,800Dresden, Germany
56%
314,300Graz, Austria
56%
860,900Marseilles, France
56%
284,800Nottingham, UK
56%
694,700Palermo, Italy
56%
696,300Seville, Spain
56%
609,400Sheffield, UK
56%
343,600Thessaloniki, Greece
56%
589,400Vilnius, Lithuania
56%
434,200Bristol, UK
50%
322,100Cardiff, UK
50%
612,300Dortmund, Germany
50%
610,100Essen, Germany
50%
482,200Gdansk, Poland
50%
340,300Leicester, UK
50%
594,200Leipzig, Germany
50%
287,500Lille, France
50%
272,100Malmo, Sweden
50%
319,700Skopje, North Macedonia
50%
437,600Tallinn, Estonia
50%
446,100Toulouse, France
50%
351,600Bilbao, Spain
44%
382,400Brno, Czech Rep
44%
547,300Hanover, Germany
44%
311,100Southampton, UK
44%
310,600Strasbourg, France
44%
600,700Gothenburg, Sweden
39%
720,600Lodz, Poland
39%
401,000Palma, Spain
39%
311,100Tirana, Albania
39%
691,600Zaragoza, Spain
39%
367,700Varna, Bulgaria
33%
660,600Wroclaw, Poland
33%
316,400Alicante, Spain
28%
354,000Bochum, Germany
28%
400,000Bologna, Italy
28%
556,200Bradford, UK
28%
487,000Duisburg, Germany
28%
638,400Genoa, Italy
28%
438,200Murcia, Spain
28%
286,500Aarhus, Denmark
22%
396,800Plovdiv, Bulgaria
22%
606,800Poznan, Poland
22%
355,900Bydgoszcz, Poland
11%
281,100Cluj Napoca, Romania
11%
395,500Las Palmas, Spain
11%
327,000Lublin, Poland
11%
507,500Nuremburg, Germany
6%
405,600Szczecin, Poland
6%
316,200Bielefield, Germany
0%

Score Distribution

Percentile by Number Answered

Percent of People with Each Score

Your Score History

You have not taken this quiz